Nederlandse Politieke Partijen - Statistieken

Algemene statistieken
  • Deze quiz is 115 keer genomen
  • De gemiddelde score is 11 van 15
Antwoordstatistieken
Zetels 2e Kamer Zetels 1e Kamer Partij % Correct
32 12 VVD
100%
20 5 PVV
95%
19 7 D66
92%
14 8 GL
91%
19 9 CDA
89%
9 6 PvdA
86%
2 10 FvD
85%
5 4 CU
84%
14 4 SP
84%
4 3 PvdD
82%
3 2 SGP
80%
3 2 50+
73%
3 - DENK
73%
- 1 OSF
13%
1 2 PvdT
9%
Geen overeenkomende quizzen gevonden
Scoreverdeling
Procent van Mensen met Elke Score
Percentiel versus Aantal Correcte Antwoorden
Uw Scoregeschiedenis
U heeft deze quiz nog niet genomen